000 00724nam a2200217 i 4500
001 104327
003 ES-MaACL
005 20250812090420.0
007 t|
008 051128s1928 sp ||||1| spa d
100 1 _aMillares Carlo, Agustín,
_d1893-1980
_981176
245 1 0 _aContribución al "Corpus" de códices visigóticos /
_cAgustín Millares Carlo.
260 _aMadrid :
_b[s.n.],
_c1928 (
_fImp. Municipal)
300 _a27 p. ;
_c24 cm.
595 _aTirada aparte de: Revista de la biblioteca, archivo y museo
650 7 _aManuscritos visigóticos
_2embne
_9153394
650 4 _aEscritura visigótica.
_9153395
852 4 _aES-MaACL
_j1719-F-5
852 4 _aES-MaACL
_j1721-F-2
999 _c104327
_d104327